Normal view
MARC view
Entry Personal Name
001 - CONTROL NUMBER
- control field: 64351
003 - CONTROL NUMBER IDENTIFIER
- control field: dpl
005 - DATE AND TIME OF LATEST TRANSACTION
- control field: 20240408115703.0
008 - FIXED-LENGTH DATA ELEMENTS
- fixed length control field: 240408|| aca||aabn | a|a d
040 ## - CATALOGING SOURCE
- Original cataloging agency: dpl
- Transcribing agency: dpl
100 ## - HEADING--PERSONAL NAME
- Personal name: Elango, M
670 ## - SOURCE DATA FOUND
- Source citation: Work cat.: (dpl)201858: Elango, M, Preferences And Relative Significance During Design Process/
